|
|
|
|
| LEADER |
00000cam a2200000 i 4500 |
| 001 |
1/36103 |
| 008 |
960918s1978 gr | ||| |||| ||gre|| |
| 035 |
|
|
|l 10024423
|
| 040 |
|
|
|a GR-MY-UA
|b gre
|e aacr
|
| 041 |
0 |
|
|a gre
|
| 082 |
7 |
|
|a 704.942092
|2 (22)
|
| 100 |
1 |
|
|a Κόντογλου, Φώτης,
|d 1895-1965.
|
| 245 |
1 |
0 |
|a Κόντογλου Φώτιος :
|b η ζωή και το έργο του /
|c Ι. Μ. Χατζηφώτη.
|
| 260 |
|
|
|a Αθήνα :
|b Γραμμή,
|c 1978.
|
| 300 |
|
|
|a 396 σ. ;
|c 21 εκ.
|
| 500 |
|
|
|a Βιβλιογραφία. Εισαγωγή στη ζωή και το έργο του, τα βιογραφικά του, το λιοντάρι της ορθοδοξίας, ο ελληνισμός του, η λογοτεχνική πνοή του, το εργαστήρι του Κόντογλου, ανέκδοτα αυτόγραφα.
|
| 600 |
1 |
0 |
|a Κόντογλου, Φώτης,
|d 1895-1965.
|
| 852 |
|
|
|a INST
|b CHIOS
|e 19960918
|h 704.942092 ΚΟΝ
|p 005200011757
|q 005200011757
|t BK
|y 0
|
| 909 |
|
|
|a Χ
|b 016169
|
| 970 |
|
|
|z 1996/09
|